LEADER 01086nam a2200253 u 4500 001 000000042961 003 CaOOAMICUS 005 20070226114402.0 008 990315s1956 fr u000 u fre u 035 $a10817262 040 $aPUL(R)$bita 100 1 $aZarka, Claude.$0(OLS)http://pul/name/31494 245 10$aAvantage collectif et économie internationale /$cpar Claude Zarka. 260 $aParis :$bSirey,$c1956. 300 $a183 p. ;$c25 cm 500 $aIn testa al front.: Publié avec le concours de la Faculté de droit de Paris et de l'Institut des Hautes Etudes de Tunis. 504 $aBibliografia in nota e alle p. 181-183. 650 4$aEconomia internazionale.$0(OLS)http://pul/subject/10912 850 $aPUL 852 $aPUL$W1$xDP1 Cons. Gen., Altre Classi 1$y22$m46 C 35$j57943$nBK-PRI$b $qStampati$B57943$CPULBib$Z2$F57943 $H $81 941 1 $a8 961 $aINV: 23447 996 $6245$aAvantage collectif et économie internationale$9(OLS)http://pul/title/57943 996 $6260$aParis :$bSirey$9(OLS)http://pul/publisher/49305 LEADER 01092nam a2200277 a 4500 001 000000169293 003 CaOOAMICUS 005 20180920120035.0 008 180920s1973 it u000 u ita r 032 $aLibriCat 040 $aPUL$bita 041 1 $aita$hger 100 1 $aAuerbach, Eric,$d1892-1957.$0(OLS)http://pul/name/88071 245 10$aDa Montaigne a Proust :$bricerche sulla storia della cultura francese /$cErich Auerbach. 260 $aMilano :$bFeltrinelli,$c1973. 300 $a281 p. ;$c19 cm. 490 1 $aSaggi 504 $aBibliografia in nota. 650 4$aCultura francese$xStoria.$0(OLS)http://pul/subject/39996 830 0$aSaggi (Garzanti).$0(OLS)http://pul/title/137121 850 $aPUL 852 $aPUL$W1$xDP1 Fondo Dalla Palma$y117$m9 D 87$j192405$qFondi$B197273$CPULBib$Z2$F197273 $HDal291 $81 941 1 $a1 996 $6245$aDa Montaigne a Proust :$bricerche sulla storia della cultura francese$9(OLS)http://pul/title/173578 996 $6260$aMilano :$bFeltrinelli$9(OLS)http://pul/publisher/48846